| 000 | 01762nam0a2200385 4500 | ||
|---|---|---|---|
| 001 | RU\NLR\bibl\1849400 | ||
| 005 | 20250616174954.0 | ||
| 021 |
_aRU _b2011-96213 _96898 |
||
| 035 | _a(NLR Aleph) 001839805 | ||
| 090 |
_a2256473 _c2256473 |
||
| 100 | _a20111216d2011 |||y0rusy50 ca | ||
| 101 | 0 |
_arus _deng |
|
| 102 | _aRU | ||
| 105 | _aa ||||||||| | ||
| 200 | 1 |
_aГеофизический мониторинг Дубна - Научный - Новосибирск: фактор солнца _fИ.А. Еганова, В. Каллис, В.Н. Самойлов, В.И. Струминский |
|
| 210 |
_aДубна _cИздательский отдел Объединенного института ядерных исследований _d2011 |
||
| 215 |
_a15, [1] с. _cил. _d22 |
||
| 225 | 1 |
_aСообщения Объединенного института ядерных исследований, Дубна _vP18-2011-98 |
|
| 300 | _aРез. на англ. яз. | ||
| 320 | _aБиблиогр. в конце кн. (14 назв.) | ||
| 606 | 1 |
_aГеофизический мониторинг _xМатематической статистики методы _92608821 _3RU\NLR\auth\661545379 |
|
| 607 |
_aСолнце _xВлияние на Землю _91036774 _3RU\NLR\auth\6680706 |
||
| 686 | _aД204 | ||
| 686 | _aД2в647 | ||
| 701 | 1 |
_aЕганова _bИ. А. _gИрина Аршавировна _4070 |
|
| 701 | 1 |
_aСамойлов _bВ. Н. _gВалентин Николаевич _4070 |
|
| 701 | 1 |
_aКаллис _bВ. _4070 |
|
| 701 | 1 |
_aСтруминский _bВ. И. _4070 |
|
| 801 | 0 |
_aRU _bNLR _c20111216 _gRCR |
|
| 801 | 1 |
_aRU _bNLR _c20111216 |
|
| 830 | _aпо эк | ||
| 942 | _cBOOK | ||
| 980 | _aNB | ||
| 980 | _aNBR | ||